| 000 | 00412nam a2200145Ia 4500 | ||
|---|---|---|---|
| 008 | 221007s9999 xx 000 0 und d | ||
| 041 | _aeng | ||
| 082 | _bPRA | ||
| 100 |
_aPrachi Bhosale - 2k161125; Prof.Priyanka Potdar - Guide & Sacrosanctltd. _9105149 |
||
| 245 | 4 | _aThe Study Stress Management | |
| 260 |
_c2016 _bSavitribai Phule Pune University _aPune |
||
| 300 | _a49p | ||
| 440 | _v1 | ||
| 906 | _bGeneral | ||
| 999 |
_c80049 _d80049 |
||